Five Most Common Religions by Continent - Statistics

General Stats
  • This quiz has been taken 251 times
    211 since last reset
  • The average score is 26 of 30
Answer Stats
Continent Country % Correct
Africa Christianity
100%
Europe Christianity
100%
North America Christianity
100%
South America Christianity
100%
Africa Islam
99%
Asia Islam
99%
Europe Islam
99%
North America Islam
99%
Oceania Islam
99%
South America Islam
99%
Asia Christianity
98%
Asia Buddhism
97%
North America Buddhism
97%
Oceania Buddhism
97%
South America Buddhism
97%
Africa Hinduism
93%
Asia Hinduism
93%
Europe Hinduism
93%
North America Hinduism
93%
Oceania Hinduism
93%
South America Hinduism
93%
Africa Judaism
83%
Europe Judaism
83%
North America Judaism
83%
South America Judaism
83%
Asia Shintoism
57%
Europe Sikhism
53%
Africa Traditional Beliefs
44%
Oceania Christianity
17%
Oceania Traditional Beliefs
15%
No matching quizzes found
Score Distribution
Percent of People with Each Score
Percentile by Number Answered
Your Score History
You have not taken this quiz since the last reset